Statistiques concernant Intercommunalités de Haute-Garonne

Cliquez ici pour prendre le quiz!

Statistiques générales

  • Ce quiz a été pris 17 fois
  • Le résultat moyen est 6 sur 17

Statistiques - réponses

Nombres de CommunesIntercommunalités% Correct
37Toulouse Métropole
94%
26Le Muretain Agglo
82%
104Communauté de communes Cœur et Coteaux du Comminges
76%
28 (dont 01 dans l'Aude et 14 dans le Tarn)Communauté de communes Aux sources du Canal du Midi
47%
48Communauté de communes Cœur de Garonne
41%
32Communauté de communes du Volvestre
41%
58Communauté de communes des Terres du Lauragais
29%
09Communauté de communes Val'Aïgo
29%
36Sicoval
29%
29Communauté de communes des Hauts Tolosans
24%
19Communauté de communes du Bassin Auterivain Haut-Garonnais
24%
76Communauté de communes des Pyrénées Haut-Garonnaises
18%
10Communauté de communes du Frontonnais
18%
07Communauté de communes Le Grand Ouest Toulousain
18%
18Communauté de communes des Coteaux du Girou
12%
55Communauté de communes Cagire Garonne Salat
6%
07Communauté de communes des Coteaux Bellevue
6%

Distribution des résultats

Percentile par nombre de réponses

% des personnes avec chaque résultat

Votre développement - résultats

Vous n’avez pas pris ce quiz